[Event "GBR-ch107 Over 50"]
[Site "Milton Keynes"]
[Date "2021.10.06"]
[Round "3.3"]
[White "Fraser-Mitchell, Jeremy N"]
[Black "Smith, Andrew Philip"]
[Result "1-0"]
[WhiteElo "2058"]
[BlackElo "2133"]
[PlyCount "107"]
[EventDate "2021.10.04"]
[EventType "swiss"]
[EventRounds "7"]
[EventCountry "GBR"]
[SourceTitle "BritBase"]
[Source "John Saunders"]
[SourceDate "2021.06.05"]
[SourceVersion "1"]
[SourceVersionDate "2021.06.05"]
[SourceQuality "1"]

1. f4 Nh6 2. Nf3 d5 3. e3 g6 4. Be2 Bg7 5. O-O O-O 6. d3 c5 7. Nc3 d4 8. exd4
cxd4 9. Ne4 Nc6 10. Bd2 a5 11. a3 Qb6 12. Rb1 Bf5 13. Kh1 Rad8 14. Qe1 Be6 15.
b4 axb4 16. axb4 Rc8 17. b5 Nd8 18. Bd1 Nf5 19. Ba5 Qa7 20. b6 Qb8 21. Bd2 Bd5
22. g4 Ne3 23. Bxe3 dxe3 24. Qxe3 f5 25. gxf5 gxf5 26. Ned2 Rc6 27. c4 Re6 28.
Qf2 Bc6 29. d4 Be4 30. Nxe4 Rxe4 31. Ne5 Qd6 32. Bf3 Rxd4 33. Bd5+ Rxd5 34.
cxd5 Qxd5+ 35. Qf3 Qxf3+ 36. Rxf3 Ne6 37. Nd7 Rc8 38. Re1 Nd4 39. Rd3 Nc6 40.
Rd5 Kf7 41. Rxf5+ Ke8 42. Ne5 Nd4 43. Rg5 Ne6 44. Rg4 h5 45. Rg6 Bf6 46. Rg8+
Nf8 47. Ng6 Kf7 48. Rxf8+ Rxf8 49. Nxf8 Kxf8 50. Rd1 Ke8 51. Rd5 h4 52. Kg2 e6
53. Rd6 Ke7 54. Rc6 1-0

[Event "GBR-ch107 Over 50"]
[Site "Milton Keynes"]
[Date "2021.10.06"]
[Round "3.4"]
[White "Lewis, Andrew P"]
[Black "Kett, Timothy J"]
[Result "1-0"]
[WhiteElo "2243"]
[BlackElo "2156"]
[PlyCount "103"]
[EventDate "2021.10.04"]
[EventType "swiss"]
[EventRounds "7"]
[EventCountry "GBR"]
[SourceTitle "BritBase"]
[Source "John Saunders"]
[SourceDate "2021.06.05"]
[SourceVersion "1"]
[SourceVersionDate "2021.06.05"]
[SourceQuality "1"]

1. Nf3 c5 2. c4 Nc6 3. d4 cxd4 4. Nxd4 g6 5. e4 Bg7 6. Be3 Nf6 7. Nc3 O-O 8.
Be2 d6 9. O-O Bd7 10. h3 Nxd4 11. Bxd4 Bc6 12. Qc2 Nd7 13. Bxg7 Kxg7 14. Rad1
Qa5 15. a3 b6 16. Nd5 Rae8 17. b4 Qa4 18. Qb2+ Kg8 19. Nc3 Qa6 20. b5 Qc8 21.
bxc6 Qxc6 22. Qb5 Rc8 23. Nd5 Rfe8 24. Qxc6 Rxc6 25. f4 Kf8 26. Nb4 Rc5 27. e5
a5 28. Na6 Rc6 29. Bf3 Rxc4 30. exd6 e6 31. Rc1 Rxf4 32. Bc6 Rxf1+ 33. Kxf1 Rc8
34. Nc7 Nc5 35. Rd1 Rd8 36. Nb5 e5 37. Rd5 f6 38. g4 Kf7 39. g5 fxg5 40. Rxe5
Kf6 41. Re3 h5 42. Ke2 g4 43. hxg4 hxg4 44. Kf2 Rh8 45. d7 Ne6 46. Nc3 Ng7 47.
Re8 Rxe8 48. dxe8=Q Nxe8 49. Bxe8 Ke5 50. a4 Kd4 51. Ne2+ Kc4 52. Kg3 1-0

[Event "GBR-ch107 Over 50"]
[Site "Milton Keynes"]
[Date "2021.10.06"]
[Round "3.5"]
[White "Hymer, Barry J"]
[Black "Dargan, Paul A G"]
[Result "1/2-1/2"]
[WhiteElo "1870"]
[BlackElo "2075"]
[PlyCount "62"]
[EventDate "2021.10.04"]
[EventType "swiss"]
[EventRounds "7"]
[EventCountry "GBR"]
[SourceTitle "BritBase"]
[Source "John Saunders"]
[SourceDate "2021.06.05"]
[SourceVersion "1"]
[SourceVersionDate "2021.06.05"]
[SourceQuality "1"]

1. d4 Nf6 2. Nf3 d5 3. e3 c5 4. c3 Nc6 5. Bd3 Qc7 6. Nbd2 e5 7. dxe5 Nxe5 8.
Nxe5 Qxe5 9. Nf3 Qe6 10. O-O Be7 11. Qe2 O-O 12. c4 Rd8 13. cxd5 Qxd5 14. Bc4
Qh5 15. e4 Bg4 16. h3 Bxf3 17. Qxf3 Qxf3 18. gxf3 h6 19. Re1 Ne8 20. b3 Nc7 21.
a4 Ne6 22. Bxe6 fxe6 23. Be3 Rd3 24. Rab1 Rad8 25. f4 b6 26. Kf1 g5 27. Ke2
gxf4 28. Bxf4 Rxh3 29. Rg1+ Kf7 30. f3 Rf8 31. Rh1 Rh4 1/2-1/2

[Event "GBR-ch107 Over 50"]
[Site "Milton Keynes"]
[Date "2021.10.06"]
[Round "3.6"]
[White "Di Mattia, Luciano DM"]
[Black "Waddington, Mike P"]
[Result "0-1"]
[WhiteElo "1466"]
[BlackElo "2047"]
[PlyCount "148"]
[EventDate "2021.10.04"]
[EventType "swiss"]
[EventRounds "7"]
[EventCountry "GBR"]
[SourceTitle "BritBase"]
[Source "John Saunders"]
[SourceDate "2021.06.05"]
[SourceVersion "1"]
[SourceVersionDate "2021.06.05"]
[SourceQuality "1"]

1. e4 e5 2. Nf3 Nc6 3. Bb5 Bc5 4. c3 Nf6 5. d3 d6 6. O-O O-O 7. Bxc6 bxc6 8.
Re1 Bg4 9. Be3 Bb6 10. Nbd2 Rb8 11. Nc4 Be6 12. Nxb6 axb6 13. Ng5 Ra8 14. Nxe6
fxe6 15. Rf1 Qe8 16. a3 Qg6 17. h3 Nh5 18. Qg4 Qxg4 19. hxg4 Nf4 20. Bxf4 Rxf4
21. f3 Rff8 22. Kf2 Kf7 23. Rh1 Kg6 24. b3 Ra7 25. a4 Rfa8 26. Ra2 Ra5 27. Rha1
b5 28. Ke3 c5 29. c4 bxc4 30. dxc4 Rb8 31. Ra3 h6 32. g3 Kf6 33. Rd1 Ke7 34.
Rd2 Ra7 35. Rd1 Rab7 36. Rd3 Rb4 37. a5 R4b7 38. a6 Ra7 39. Rd1 Rb6 40. Rda1
Kd7 41. Kd3 Kc6 42. Kc3 Rb8 43. Ra5 Rf8 44. Rf1 Kb6 45. Rb5+ Kc6 46. Ra5 Rfa8
47. Rfa1 Kd7 48. b4 cxb4+ 49. Kxb4 c5+ 50. Kc3 Kc6 51. R1a2 Rf7 52. Rf2 Kb6 53.
Rb5+ Ka7 54. Ra5 Raf8 55. Kb2 Rxf3 56. Rxf3 Rxf3 57. Ra3 Rxa3 58. Kxa3 Kxa6 59.
Kb3 Kb6 60. Kc3 Kc6 61. Kd2 d5 62. Kd3 d4 63. Kc2 Kd7 64. Kd2 Ke7 65. g5 h5 66.
Ke2 Kf7 67. Kf3 Kg6 68. g4 h4 69. Kg2 d3 70. Kf2 h3 71. Kg3 d2 72. Kh4 d1=Q 73.
Kg3 Kxg5 74. Kf2 h2 0-1

[Event "GBR-ch107 Over 50"]
[Site "Milton Keynes"]
[Date "2021.10.06"]
[Round "3.7"]
[White "Botham, C Paul"]
[Black "Williamson, Kevin J"]
[Result "1/2-1/2"]
[WhiteElo "1944"]
[BlackElo "1859"]
[PlyCount "40"]
[EventDate "2021.10.04"]
[EventType "swiss"]
[EventRounds "7"]
[EventCountry "GBR"]
[SourceTitle "BritBase"]
[Source "John Saunders"]
[SourceDate "2021.06.05"]
[SourceVersion "1"]
[SourceVersionDate "2021.06.05"]
[SourceQuality "1"]

1. c4 e6 2. Nc3 d5 3. e3 Nf6 4. Nf3 c6 5. b3 Nbd7 6. Bb2 Bd6 7. Be2 O-O 8. O-O
Qe7 9. d4 dxc4 10. Bxc4 e5 11. dxe5 Nxe5 12. Be2 Bf5 13. Qd4 Rfd8 14. Qa4 b5
15. Qh4 Ng6 16. Qg5 Bd7 17. Nd1 h6 18. Bxf6 hxg5 19. Bxe7 Bxe7 20. Nc3 Rac8
1/2-1/2

[Event "GBR-ch107 Over 50"]
[Site "Milton Keynes"]
[Date "2021.10.06"]
[Round "3.8"]
[White "McNally, Richard J E"]
[Black "Gibbs, Dominic V"]
[Result "0-1"]
[WhiteElo "1923"]
[BlackElo "1861"]
[PlyCount "96"]
[EventDate "2021.10.04"]
[EventType "swiss"]
[EventRounds "7"]
[EventCountry "GBR"]
[SourceTitle "BritBase"]
[Source "John Saunders"]
[SourceDate "2021.06.05"]
[SourceVersion "1"]
[SourceVersionDate "2021.06.05"]
[SourceQuality "1"]

1. e4 c5 2. c3 Nf6 3. e5 Nd5 4. d4 cxd4 5. Qxd4 e6 6. Nf3 Nc6 7. Qe4 f5 8. Qe2
b5 9. g3 a5 10. Bg2 Ba6 11. Nh4 Qe7 12. Nxf5 exf5 13. Bxd5 Qc5 14. Bg2 Be7 15.
Qe3 O-O-O 16. O-O Nxe5 17. Re1 Qxe3 18. Bxe3 Nc6 19. Nd2 Rde8 20. Nb3 b4 21.
Nc5 Bb5 22. cxb4 Nxb4 23. Rec1 Kb8 24. a4 Bc6 25. Bd2 Bf6 26. Bxc6 dxc6 27.
Nd7+ Kb7 28. Nxf6 gxf6 29. Bxb4 axb4 30. Rc4 Re4 31. Rac1 Rhe8 32. Kg2 R8e6 33.
R1c2 Kb6 34. b3 Rxc4 35. Rxc4 c5 36. Kf1 Re5 37. Rh4 Rd5 38. Ke2 Re5+ 39. Kd2
Rd5+ 40. Kc2 Re5 41. Rf4 Rd5 42. Rf3 Kc6 43. Re3 Rd6 44. Re7 h5 45. Rh7 Re6 46.
Kd3 Rd6+ 47. Ke3 c4 48. Rxh5 cxb3 0-1

[Event "GBR-ch107 Over 50"]
[Site "Milton Keynes"]
[Date "2021.10.06"]
[Round "3.9"]
[White "Woods, Timothy J"]
[Black "Crocker, Philip J"]
[Result "0-1"]
[WhiteElo "1565"]
[BlackElo "2109"]
[PlyCount "52"]
[EventDate "2021.10.04"]
[EventType "swiss"]
[EventRounds "7"]
[EventCountry "GBR"]
[SourceTitle "BritBase"]
[Source "John Saunders"]
[SourceDate "2021.06.05"]
[SourceVersion "1"]
[SourceVersionDate "2021.06.05"]
[SourceQuality "1"]

1. e4 e5 2. Bc4 Nf6 3. d3 Nc6 4. Nf3 Bc5 5. c3 a6 6. O-O d6 7. b4 Ba7 8. h3 O-O
9. Re1 h6 10. Nbd2 Re8 11. Nf1 Be6 12. Ng3 Bxc4 13. dxc4 Ne7 14. Nh4 Kh7 15.
Qf3 Neg8 16. Nhf5 g6 17. Ne3 Rf8 18. Nd5 Nxd5 19. cxd5 Qd7 20. Be3 Bxe3 21.
Qxe3 f5 22. Qd3 f4 23. Nf1 f3 24. g4 h5 25. Nh2 hxg4 26. Nxg4 Nh6 0-1

[Event "GBR-ch107 Over 50"]
[Site "Milton Keynes"]
[Date "2021.10.07"]
[Round "4.1"]
[White "Erdogan, Hassan"]
[Black "Robson, Ian A"]
[Result "0-1"]
[WhiteElo "1842"]
[BlackElo "2189"]
[PlyCount "86"]
[EventDate "2021.10.04"]
[EventType "swiss"]
[EventRounds "7"]
[EventCountry "GBR"]
[SourceTitle "BritBase"]
[Source "John Saunders"]
[SourceDate "2021.06.05"]
[SourceVersion "1"]
[SourceVersionDate "2021.06.05"]
[SourceQuality "1"]

1. Nf3 d5 2. d4 Nf6 3. e3 Nbd7 4. Bd3 e6 5. Nbd2 Bd6 6. O-O e5 7. dxe5 Nxe5 8.
Nxe5 Bxe5 9. Nf3 Bd6 10. h3 O-O 11. b3 Qe7 12. Bb2 Ne4 13. c4 dxc4 14. Bxc4 Rd8
15. Qe2 Bf5 16. Rfd1 c6 17. a4 Bg6 18. Nd2 a6 19. a5 Nxd2 20. Rxd2 Bb4 21.
Rxd8+ Rxd8 22. Rd1 Bxa5 23. Rxd8+ Qxd8 24. Qg4 b5 25. Be2 h5 26. Qf3 Qd5 27.
Bd4 Bb4 28. Qxd5 cxd5 29. Bf3 Be4 30. Bxe4 dxe4 31. f3 f5 32. fxe4 fxe4 33. Kf2
Bd6 34. g4 g6 35. Ke2 Kf7 36. Kd2 Ke6 37. Kc3 Kd5 38. b4 Bc7 39. Kb3 a5 40.
bxa5 Bxa5 41. Ba7 Kc6 42. Bb8 Bc7 43. Ba7 Bb6 0-1

[Event "GBR-ch107 Over 50"]
[Site "Milton Keynes"]
[Date "2021.10.07"]
[Round "4.2"]
[White "Lewis, Andrew P"]
[Black "Fraser-Mitchell, Jeremy N"]
[Result "0-1"]
[WhiteElo "2243"]
[BlackElo "2058"]
[PlyCount "70"]
[EventDate "2021.10.04"]
[EventType "swiss"]
[EventRounds "7"]
[EventCountry "GBR"]
[SourceTitle "BritBase"]
[Source "John Saunders"]
[SourceDate "2021.06.05"]
[SourceVersion "1"]
[SourceVersionDate "2021.06.05"]
[SourceQuality "1"]

1. Nf3 f5 2. g3 Nf6 3. Bg2 d6 4. d4 g6 5. O-O Bg7 6. c4 O-O 7. Nc3 Qe8 8. Nd5
Nxd5 9. cxd5 Qb5 10. Be3 Nd7 11. a4 Qb6 12. b4 Nf6 13. Nd2 Bd7 14. Nc4 Qxb4 15.
Qc2 b5 16. axb5 Bxb5 17. Na5 Rab8 18. Qa2 Bd7 19. Rfb1 Qc3 20. Rc1 Qb2 21. Qxb2
Rxb2 22. Rxc7 Rfb8 23. Bf3 f4 24. Bxf4 Bh3 25. Rcc1 h6 26. Nc6 R8b7 27. Nd8
R7b5 28. e4 R5b3 29. Be3 Ng4 30. Bxg4 Bxg4 31. Rxa7 Bf3 32. Rxe7 Rb1 33. Ne6
Rxc1+ 34. Bxc1 Rd3 35. Rxg7+ Kh8 0-1

[Event "GBR-ch107 Over 50"]
[Site "Milton Keynes"]
[Date "2021.10.07"]
[Round "4.3"]
[White "Mason, Donald J"]
[Black "Waddington, Mike P"]
[Result "0-1"]
[WhiteElo "2062"]
[BlackElo "2047"]
[PlyCount "56"]
[EventDate "2021.10.04"]
[EventType "swiss"]
[EventRounds "7"]
[EventCountry "GBR"]
[SourceTitle "BritBase"]
[Source "John Saunders"]
[SourceDate "2021.06.05"]
[SourceVersion "1"]
[SourceVersionDate "2021.06.05"]
[SourceQuality "1"]

1. e4 c5 2. Nf3 a6 3. c3 d5 4. exd5 Qxd5 5. d4 Bg4 6. Be2 e6 7. O-O Nf6 8. h3
Bh5 9. c4 Qd8 10. Qb3 Qc8 11. d5 exd5 12. cxd5 Be7 13. d6 Bxd6 14. Ng5 Bg6 15.
Bf3 Nc6 16. Re1+ Kf8 17. Rd1 Be7 18. Nc3 h6 19. Nge4 Ne5 20. Nd6 Nxf3+ 21. gxf3
Bxd6 22. Rxd6 Qxh3 23. Qxb7 Re8 24. Bf4 Bh5 25. Rd3 Kg8 26. Rad1 Kh7 27. Nd5
Re6 28. Bg3 Rhe8 0-1

[Event "GBR-ch107 Over 50"]
[Site "Milton Keynes"]
[Date "2021.10.07"]
[Round "4.4"]
[White "Dargan, Paul A G"]
[Black "Duncan, Chris R"]
[Result "1/2-1/2"]
[WhiteElo "2075"]
[BlackElo "2225"]
[PlyCount "66"]
[EventDate "2021.10.04"]
[EventType "swiss"]
[EventRounds "7"]
[EventCountry "GBR"]
[SourceTitle "BritBase"]
[Source "John Saunders"]
[SourceDate "2021.06.05"]
[SourceVersion "1"]
[SourceVersionDate "2021.06.05"]
[SourceQuality "1"]

1. e4 c5 2. Nf3 g6 3. d4 cxd4 4. Qxd4 Nf6 5. Nc3 Nc6 6. Qa4 d6 7. e5 dxe5 8.
Nxe5 Bg7 9. Bb5 O-O 10. Nxc6 bxc6 11. Bxc6 Rb8 12. O-O Qc7 13. Nd5 Nxd5 14.
Bxd5 e6 15. Bb3 Bd7 16. Qh4 Bc6 17. Bf4 e5 18. Bh6 a5 19. Bxg7 Kxg7 20. a4 Rb4
21. Qg3 Rd8 22. Qc3 Rbd4 23. Rae1 f6 24. Re2 Qb7 25. f3 Bxa4 26. Bxa4 Rxa4 27.
b3 Rb4 28. Qc5 Rb5 29. Qe3 Rbd5 30. f4 R8d7 31. fxe5 Rxe5 32. Qf2 Rf5 33. Qe3
Rxf1+ 1/2-1/2

[Event "GBR-ch107 Over 50"]
[Site "Milton Keynes"]
[Date "2021.10.07"]
[Round "4.5"]
[White "Kett, Timothy J"]
[Black "Botham, C Paul"]
[Result "1-0"]
[WhiteElo "2156"]
[BlackElo "1944"]
[PlyCount "49"]
[EventDate "2021.10.04"]
[EventType "swiss"]
[EventRounds "7"]
[EventCountry "GBR"]
[SourceTitle "BritBase"]
[Source "John Saunders"]
[SourceDate "2021.06.05"]
[SourceVersion "1"]
[SourceVersionDate "2021.06.05"]
[SourceQuality "1"]

1. e4 Nf6 2. Nc3 d6 3. d4 c6 4. f4 Qa5 5. Bd3 e5 6. Nf3 Bg4 7. Be3 Nbd7 8. O-O
Be7 9. h3 Bxf3 10. Qxf3 a6 11. Ne2 Qc7 12. c3 b5 13. g4 O-O 14. Ng3 Rab8 15.
Nf5 Nb6 16. fxe5 dxe5 17. Bg5 Nc4 18. Nxg7 Kxg7 19. Bxf6+ Bxf6 20. Qxf6+ Kg8
21. Rf5 Rfe8 22. Bxc4 bxc4 23. Raf1 exd4 24. Rg5+ Kf8 25. Qg7+ 1-0

[Event "GBR-ch107 Over 50"]
[Site "Milton Keynes"]
[Date "2021.10.07"]
[Round "4.6"]
[White "Smith, Andrew Philip"]
[Black "Williamson, Kevin J"]
[Result "1/2-1/2"]
[WhiteElo "2133"]
[BlackElo "1859"]
[PlyCount "132"]
[EventDate "2021.10.04"]
[EventType "swiss"]
[EventRounds "7"]
[EventCountry "GBR"]
[SourceTitle "BritBase"]
[Source "John Saunders"]
[SourceDate "2021.06.05"]
[SourceVersion "1"]
[SourceVersionDate "2021.06.05"]
[SourceQuality "1"]

1. e4 d5 2. exd5 Qxd5 3. Nc3 Qe5+ 4. Be2 c6 5. Nf3 Qc7 6. b3 Bf5 7. Bb2 e6 8.
Nh4 Bg6 9. Nxg6 hxg6 10. g3 Nf6 11. Bf3 Nbd7 12. O-O Bd6 13. Qe2 Ne5 14. Bg2
Neg4 15. Ne4 Nxe4 16. Qxg4 Nf6 17. Qe2 O-O 18. d4 Rad8 19. c4 Qa5 20. a3 Qh5
21. Bf3 Qf5 22. Rad1 Rfe8 23. Kg2 g5 24. h3 a5 25. Rd3 Bc7 26. Re3 Qg6 27. Rd1
Bb6 28. Bc3 Rd7 29. Qe1 Ra8 30. a4 Rdd8 31. Qd2 Bc7 32. Qe1 Kf8 33. Red3 Re8
34. b4 axb4 35. Bxb4+ Kg8 36. a5 Qf5 37. Re3 Bxa5 38. Re5 Bxb4 39. Qxb4 Qc2 40.
Rd2 Ra4 41. Rxc2 Rxb4 42. d5 Nd7 43. Rxg5 f6 44. Rh5 g6 45. Rh6 Kg7 46. Rh4
exd5 47. cxd5 Rxh4 48. gxh4 c5 49. h5 gxh5 50. Bxh5 Re5 51. Bf3 b5 52. d6 Rg5+
53. Kf1 Ne5 54. h4 Rf5 55. Bg2 c4 56. Bh3 Rf3 57. d7 Rd3 58. Bf5 Rd5 59. Re2 c3
60. f4 c2 61. Rxc2 Nxd7 62. Be6 Rd6 63. f5 Ne5 64. Rc7+ Kh6 65. Rb7 Rd4 66.
Rxb5 Rxh4 1/2-1/2

[Event "GBR-ch107 Over 50"]
[Site "Milton Keynes"]
[Date "2021.10.07"]
[Round "4.7"]
[White "Gibbs, Dominic V"]
[Black "Kenning, Paul H"]
[Result "0-1"]
[WhiteElo "1861"]
[BlackElo "1805"]
[PlyCount "86"]
[EventDate "2021.10.04"]
[EventType "swiss"]
[EventRounds "7"]
[EventCountry "GBR"]
[SourceTitle "BritBase"]
[Source "John Saunders"]
[SourceDate "2021.06.05"]
[SourceVersion "1"]
[SourceVersionDate "2021.06.05"]
[SourceQuality "1"]

1. e4 d6 2. Bc4 Nf6 3. d3 c6 4. Bb3 Nbd7 5. c3 Nc5 6. Bc2 a5 7. Nf3 Bg4 8. Nbd2
e6 9. O-O Be7 10. Re1 d5 11. e5 Nfd7 12. d4 Na6 13. Nf1 c5 14. Be3 cxd4 15.
Bxd4 Rc8 16. Ng3 Nab8 17. h3 Bxf3 18. Qxf3 Nc6 19. Rad1 g6 20. Ba4 Qc7 21. Qf4
Qd8 22. Nf1 Nxd4 23. Rxd4 O-O 24. Nh2 Bg5 25. Qg3 Nc5 26. Bc2 Bh6 27. h4 Nd7
28. Ng4 Bg7 29. h5 Qg5 30. hxg6 fxg6 31. f4 Qe7 32. Kh2 Rf7 33. Rh1 Rc4 34. Kg1
Qc5 35. Qf2 Nxe5 36. Nh6+ Bxh6 37. Rxh6 Ng4 38. Rxg6+ hxg6 39. Qg3 Rxd4 40.
cxd4 Qxd4+ 41. Kf1 Ne3+ 42. Ke2 Nxc2 43. Qxg6+ Qg7 0-1

[Event "GBR-ch107 Over 50"]
[Site "Milton Keynes"]
[Date "2021.10.07"]
[Round "4.8"]
[White "Crocker, Philip J"]
[Black "Di Mattia, Luciano DM"]
[Result "1-0"]
[WhiteElo "2109"]
[BlackElo "1466"]
[PlyCount "71"]
[EventDate "2021.10.04"]
[EventType "swiss"]
[EventRounds "7"]
[EventCountry "GBR"]
[SourceTitle "BritBase"]
[Source "John Saunders"]
[SourceDate "2021.06.05"]
[SourceVersion "1"]
[SourceVersionDate "2021.06.05"]
[SourceQuality "1"]

1. d4 Nf6 2. c4 d6 3. Nc3 e5 4. Nf3 exd4 5. Nxd4 c6 6. e4 Be7 7. g3 O-O 8. Bg2
Re8 9. O-O Bf8 10. h3 Nbd7 11. Be3 Ne5 12. b3 Bd7 13. f4 Ng6 14. Qd2 Qc8 15.
Kh2 a6 16. Rac1 c5 17. Nc2 h5 18. Bf2 Rb8 19. Ne3 b5 20. Ned5 Nxd5 21. Nxd5
bxc4 22. bxc4 Ne7 23. f5 Nxd5 24. cxd5 f6 25. Qd1 Rb2 26. Qxh5 Bb5 27. g4 Bxf1
28. Rxf1 Rxa2 29. h4 Qd7 30. g5 g6 31. Qxg6+ Kh8 32. gxf6 Rxe4 33. f7 Rg4 34.
Qh5+ Kg7 35. Bd4+ cxd4 36. f6# 1-0

[Event "GBR-ch107 Over 50"]
[Site "Milton Keynes"]
[Date "2021.10.08"]
[Round "5.1"]
[White "Robson, Ian A"]
[Black "Fraser-Mitchell, Jeremy N"]
[Result "1-0"]
[WhiteElo "2189"]
[BlackElo "2058"]
[PlyCount "55"]
[EventDate "2021.10.04"]
[EventType "swiss"]
[EventRounds "7"]
[EventCountry "GBR"]
[SourceTitle "BritBase"]
[Source "John Saunders"]
[SourceDate "2021.06.05"]
[SourceVersion "1"]
[SourceVersionDate "2021.06.05"]
[SourceQuality "1"]

1. e4 e6 2. d4 d5 3. Nd2 dxe4 4. Nxe4 Qd5 5. Bd3 Nf6 6. f3 Nc6 7. Ne2 Bd7 8. c3
O-O-O 9. O-O h6 10. b4 Be8 11. Be3 Qd7 12. b5 Na5 13. c4 b6 14. Bd2 Nxe4 15.
Bxa5 Nc5 16. Bc3 Nxd3 17. Qxd3 f5 18. Qe3 g5 19. a4 Bg7 20. a5 Bf7 21. axb6
cxb6 22. c5 bxc5 23. dxc5 Bxc3 24. Qxc3 Qd3 25. Rxa7 Qxc3 26. Nxc3 Rhf8 27.
Rfa1 e5 28. c6 1-0

[Event "GBR-ch107 Over 50"]
[Site "Milton Keynes"]
[Date "2021.10.08"]
[Round "5.2"]
[White "Waddington, Mike P"]
[Black "Erdogan, Hassan"]
[Result "1-0"]
[WhiteElo "2047"]
[BlackElo "1842"]
[PlyCount "73"]
[EventDate "2021.10.04"]
[EventType "swiss"]
[EventRounds "7"]
[EventCountry "GBR"]
[SourceTitle "BritBase"]
[Source "John Saunders"]
[SourceDate "2021.06.05"]
[SourceVersion "1"]
[SourceVersionDate "2021.06.05"]
[SourceQuality "1"]

1. d4 d6 2. Nf3 Nd7 3. Bf4 Ngf6 4. Nc3 c5 5. e3 g6 6. h3 Bg7 7. Be2 O-O 8. O-O
a6 9. a4 b6 10. Bh2 cxd4 11. exd4 Bb7 12. Re1 Re8 13. Bc4 h6 14. Re3 Rc8 15.
Bb3 Nb8 16. Qe2 Rc7 17. Re1 Nc6 18. Qd3 Nb4 19. Qd2 Qc8 20. Nb5 axb5 21. Qxb4
bxa4 22. Qxa4 Bc6 23. Qb4 b5 24. c3 Bf8 25. Qa5 Rd8 26. Qa1 Bd5 27. Bc2 Qb7 28.
Qb1 b4 29. c4 Bxc4 30. Nh4 e6 31. Rg3 b3 32. Bxg6 fxg6 33. Qxg6+ Rg7 34. Qxf6
Qe7 35. Rxg7+ Qxg7 36. Qxd8 Bd5 37. Bxd6 1-0

[Event "GBR-ch107 Over 50"]
[Site "Milton Keynes"]
[Date "2021.10.08"]
[Round "5.3"]
[White "Hymer, Barry J"]
[Black "Kett, Timothy J"]
[Result "0-1"]
[WhiteElo "1870"]
[BlackElo "2156"]
[PlyCount "54"]
[EventDate "2021.10.04"]
[EventType "swiss"]
[EventRounds "7"]
[EventCountry "GBR"]
[SourceTitle "BritBase"]
[Source "John Saunders"]
[SourceDate "2021.06.05"]
[SourceVersion "1"]
[SourceVersionDate "2021.06.05"]
[SourceQuality "1"]

1. d4 c5 2. d5 d6 3. Nc3 e6 4. e4 Nf6 5. Nf3 exd5 6. exd5 Be7 7. Bd3 O-O 8. O-O
Bg4 9. h3 Bh5 10. Ne4 Nxd5 11. Ng3 Nf6 12. Nxh5 Nxh5 13. Bxh7+ Kxh7 14. Ng5+
Bxg5 15. Qxh5+ Bh6 16. g4 f6 17. f4 Nc6 18. Bd2 g6 19. Qh4 g5 20. fxg5 fxg5 21.
Qg3 Ne5 22. Qb3 Qe7 23. Qd5 Rxf1+ 24. Rxf1 Rf8 25. Rf5 Rxf5 26. gxf5 g4 27. f6
Qxf6 0-1

[Event "GBR-ch107 Over 50"]
[Site "Milton Keynes"]
[Date "2021.10.08"]
[Round "5.4"]
[White "Williamson, Kevin J"]
[Black "Lewis, Andrew P"]
[Result "0-1"]
[WhiteElo "1859"]
[BlackElo "2243"]
[PlyCount "84"]
[EventDate "2021.10.04"]
[EventType "swiss"]
[EventRounds "7"]
[EventCountry "GBR"]
[SourceTitle "BritBase"]
[Source "John Saunders"]
[SourceDate "2021.06.05"]
[SourceVersion "1"]
[SourceVersionDate "2021.06.05"]
[SourceQuality "1"]

1. d4 Nf6 2. Nf3 c5 3. e3 g6 4. Be2 Bg7 5. O-O b6 6. Nbd2 Bb7 7. c3 O-O 8. a4
Nc6 9. Re1 Rc8 10. Bf1 d5 11. Rb1 Qc7 12. g3 e5 13. dxe5 Nxe5 14. Nxe5 Qxe5 15.
Nf3 Qe7 16. Bg2 Rfd8 17. Bd2 Ne4 18. Qe2 Bc6 19. Ra1 a5 20. Rec1 h5 21. h4 Bd7
22. Be1 Bg4 23. Qf1 c4 24. Nd4 Nc5 25. Ra2 Nd3 26. Rb1 Bxd4 27. cxd4 Bf5 28.
Bh3 Bxh3 29. Qxh3 Qe4 30. Raa1 f5 31. Qg2 Rc6 32. Bc3 Rb8 33. Rd1 b5 34. Qxe4
fxe4 35. axb5 Rxb5 36. Rd2 Ra6 37. Kg2 a4 38. f3 Rb3 39. fxe4 dxe4 40. Kh3 a3
41. Rb1 axb2 42. Bxb2 c3 0-1

[Event "GBR-ch107 Over 50"]
[Site "Milton Keynes"]
[Date "2021.10.08"]
[Round "5.5"]
[White "Duncan, Chris R"]
[Black "Mason, Donald J"]
[Result "0-1"]
[WhiteElo "2225"]
[BlackElo "2062"]
[PlyCount "112"]
[EventDate "2021.10.04"]
[EventType "swiss"]
[EventRounds "7"]
[EventCountry "GBR"]
[SourceTitle "BritBase"]
[Source "John Saunders"]
[SourceDate "2021.06.05"]
[SourceVersion "1"]
[SourceVersionDate "2021.06.05"]
[SourceQuality "1"]

1. Nf3 Nf6 2. c4 g6 3. Nc3 Bg7 4. e4 d6 5. d4 O-O 6. Be2 e5 7. O-O Nbd7 8. Be3
Qe7 9. dxe5 dxe5 10. Nd5 Qd8 11. Qc2 Ng4 12. Bg5 f6 13. Bd2 c6 14. Ne3 Nc5 15.
Rfd1 Qe7 16. b4 Nxe3 17. Bxe3 Ne6 18. c5 f5 19. Bc4 Kh8 20. Re1 f4 21. Bd2 g5
22. Bc3 Nc7 23. Qb2 Re8 24. Nd2 Nb5 25. Rad1 Nxc3 26. Qxc3 b5 27. Bf1 Bg4 28.
Ra1 Red8 29. a4 a6 30. Nb3 Be6 31. Be2 g4 32. Red1 Rac8 33. axb5 axb5 34. Na5
Rd4 35. f3 g3 36. h3 Qd7 37. Nb3 Bxh3 38. Nxd4 exd4 39. Qd2 d3 40. Qxd3 Bxa1
41. Qxd7 Bxd7 42. Rxa1 Rc7 43. Kf1 Kg7 44. Ke1 Kf6 45. Kd2 Be6 46. Kc3 h5 47.
Ra8 h4 48. Bf1 Rh7 49. Rf8+ Ke5 50. Re8 Ra7 51. Rh8 Ra3+ 52. Kc2 Ra1 53. Bd3 h3
54. Rh5+ Kd4 55. gxh3 Ra2+ 56. Kb1 Kxd3 0-1

[Event "GBR-ch107 Over 50"]
[Site "Milton Keynes"]
[Date "2021.10.08"]
[Round "5.6"]
[White "Kenning, Paul H"]
[Black "Crocker, Philip J"]
[Result "1/2-1/2"]
[WhiteElo "1805"]
[BlackElo "2109"]
[PlyCount "37"]
[EventDate "2021.10.04"]
[EventType "swiss"]
[EventRounds "7"]
[EventCountry "GBR"]
[SourceTitle "BritBase"]
[Source "John Saunders"]
[SourceDate "2021.06.05"]
[SourceVersion "1"]
[SourceVersionDate "2021.06.05"]
[SourceQuality "1"]

1. d4 d5 2. Bf4 c5 3. dxc5 e6 4. Nc3 Bxc5 5. e3 Nf6 6. a3 O-O 7. Nf3 Nc6 8. Be2
Re8 9. Bg5 h6 10. Bh4 Be7 11. O-O b6 12. Bb5 Bb7 13. Nd4 Rc8 14. Qe2 Ne4 15.
Bxe7 Nxc3 16. Bxd8 Nxe2+ 17. Bxe2 Nxd4 18. exd4 Rcxd8 19. Rfe1 1/2-1/2